Clic Les métiers / actvités en argot - Statistiques

Statistiques générales
  • Ce quiz a été pris 124 fois
  • Le résultat moyen est 7 sur 25
Statistiques - réponses
Hint Réponse % Correct
Toubib Médecin
80%
Brûle-fer Maréchal-Ferrant
67%
Nuiteux Gardien de nuit
66%
Cul-terreux Paysan
64%
Baveux Avocat
53%
Gâte-bois Menuisier
40%
Gargotier Aubergiste
36%
Apache Voyou
29%
Merlan Coiffeur
28%
Carabin Etudiant en médecine
25%
Louchebem Boucher
24%
Cogne Policier
24%
Monte-en-l'air Voleur
24%
Verdouzier Jardinier
22%
Taulier Hôtelier
19%
Loufiat Garçon de café
13%
Pandore Gendarme
13%
Bécamel Epicier
8%
Darioleur Pâtissier
7%
Père Péca Pharmacien
6%
Loche Chauffeur de taxi
5%
Babillaudier Libraire
5%
Gratte-couenne Barbier
4%
Dauphin Souteneur
4%
Graou Charcutier
0%
Aucun quiz correspondant
Distribution des résultats
% des personnes avec chaque résultat
Percentile par nombre de réponses
Votre historique - résultats
Vous n’avez pas pris ce quiz